000 00349nam a2200121Ia 4500
008 230524s9999 xx 000 0 und d
100 _a"Neil H.E.Weste, David Harris,Ayan Banerjee"
245 0 _a"CMOS VLSI Design: A Circuits and Systems Perspective, "
260 _bPearson
500 _aQuantity Number: 5
650 _aElectronics
942 _cBK
999 _c50245
_d50245